000 00566cam a2200193 4500500
005 20260405002503.0
041 _afre
042 _adc
100 1 0 _aPortevin, Catherine
_eauthor
245 0 0 _aLa Vie secrète des arbres
260 _c2017.
500 _a73
690 _aArbre
690 _aPeter Wohlleben
690 _aPlante
690 _aVégétal
786 0 _nPhilosophie magazine | 111 | 7-8 | 2017-07-01 | p. 53-56 | 1951-1787
856 4 1 _uhttps://shs.cairn.info/magazine-philosophie-magazine-2017-7-8-page-53?lang=fr&redirect-ssocas=7080
999 _c2058133
_d2058133